[Event "Mexico City Fenamac-A 3rd"]
[Site "Mexico City"]
[Date "2021.07.23"]
[Round "5"]
[White "Benitez Lozano, Javier"]
[Black "Martinez, Jorge Alexander"]
[Result "1-0"]
[WhiteElo "2340"]
[BlackElo "2154"]
[PlyCount "133"]
[EventDate "2021.07.21"]
[EventType "tourn"]
[EventRounds "9"]
[EventCountry "MEX"]
[EventCategory "2"]
[SourceTitle "CBM 203 Extra"]
[Source "ChessBase"]
[SourceDate "2021.09.30"]
[SourceVersion "1"]
[SourceVersionDate "2021.09.30"]
[SourceQuality "1"]

1. c4 c5 2. g3 e6 3. Bg2 Nf6 4. Nf3 Be7 5. 0-0 Qc7 6. Nc3 a6 7. d4 cxd4 8. Qxd4 d6 9. b3 0-0 10. Rd1 Rd8 11. Bb2 Nbd7 12. Rac1 b6 13. e4 Bb7 14. Qe3 Rac8 15. Nd4 Qb8 16. Rc2 Qa8 17. Qe1 Ne5 18. Re2 Nc6 19. Nxc6 Bxc6 20. Nd5 Nxd5 21. exd5 Bb7 22. Rxe6 Bf8 23. Re4 Re8 24. Qc3 Rxe4 25. Bxe4 Re8 26. Re1 b5 27. Bc2 bxc4 28. bxc4 Rxe1+ 29. Qxe1 Qc8 30. Qe4 Qh3 31. Qf5 Bc8 32. Qxh3 Bxh3 33. f3 Bd7 34. g4 Be7 35. Bf5 Ba4 36. Bc3 Bd8 37. Bb4 Bc7 38. c5 a5 39. Ba3 dxc5 40. Bxc5 g6 41. Bc8 Bc2 42. Be7 Bb6+ 43. Kg2 Bb1 44. a4 Bc2 45. Bd7 Bb3 46. Bc6 f5 47. gxf5 gxf5 48. Bh4 Bc7 49. Bg3 f4 50. Bh4 Kf7 51. Kf2 Kg6 52. Be7 Kf5 53. d6 Bb6+ 54. Kg2 Ke6 55. Bf8 Bd8 56. d7 Ke5 57. Bc5 Bd5 58. Bb5 Be6 59. Ba7 Kd5 60. Bb8 Kc5 61. Bxf4 Kb4 62. Kg3 h5 63. h4 Bb3 64. Bg5 Bc7+ 65. f4 Bxa4 66. Bxa4 Kxa4 67. d8Q 1-0

[Event "COL-chT 21st"]
[Site "Cartagena"]
[Date "2019.11.30"]
[Round "9.4"]
[White "Martinez, Jorge Alexander"]
[Black "Hernandez, Cristian Andres"]
[Result "1/2-1/2"]
[WhiteElo "2162"]
[BlackElo "2183"]
[PlyCount "138"]
[EventDate "2019.11.30"]
[EventType "team-swiss"]
[EventRounds "9"]
[EventCountry "COL"]
[SourceTitle "CBM 195 Extra"]
[Source "ChessBase"]
[SourceDate "2020.05.31"]
[SourceVersion "1"]
[SourceVersionDate "2020.05.31"]
[SourceQuality "1"]
[WhiteTeam "Santander"]
[BlackTeam "Risaralda"]
[WhiteTeamCountry "COL"]
[BlackTeamCountry "COL"]

1. e4 c5 2. Nf3 d6 3. Bb5+ Nd7 4. 0-0 Ngf6 5. Re1 a6 6. Bf1 b5 7. c3 Bb7 8. d3 g6 9. Bf4 e5 10. Bg5 Bg7 11. a4 0-0 12. h3 h6 13. Be3 d5 14. exd5 Nxd5 15. Bd2 b4 16. a5 Qc7 17. Qc1 bxc3 18. bxc3 Kh7 19. Na3 Nf4 20. Bxf4 exf4 21. Nc4 Bxf3 22. gxf3 Rfe8 23. Rb1 Bf6 24. Re4 g5 25. Nb6 Rab8 26. Rxe8 Rxe8 27. Qc2 Kg8 28. Qb3 Ne5 29. Qd5 Bg7 30. d4 Rd8 31. Qe4 cxd4 32. cxd4 Rxd4 33. Qa8+ Rd8 34. Qxa6 Nxf3+ 35. Kh1 Nd2 36. Rd1 Qc6+ 37. Bg2 f3 38. Bf1 Bc3 39. Qb5 Qxb5 40. Bxb5 Bxa5 41. Nc4 Nxc4 42. Rxd8+ Bxd8 43. Bxc4 Bb6 44. Kg1 h5 45. Bd5 g4 46. hxg4 hxg4 47. Kf1 Kg7 48. Be4 Kf6 49. Bd5 Kg6 50. Bc4 f5 51. Be6 Kf6 52. Bc8 Kg5 53. Bd7 f4 54. Bc6 Kf5 55. Bb7 Kg5 56. Bc6 Kh4 57. Bd5 Kh3 58. Bc6 Kh2 59. Bd5 Bxf2 60. Bxf3 g3 61. Bg2 Be3 62. Bf3 Kh3 63. Bc6 Kg4 64. Bd7+ Kf3 65. Bc6+ Kg4 66. Bd7+ Kg5 67. Bc6 Kf5 68. Kg2 Bc5 69. Bf3 Ke5 1/2-1/2

[Event "COL-chT 21st"]
[Site "Cartagena"]
[Date "2019.11.30"]
[Round "7.4"]
[White "Martinez, Jorge Alexander"]
[Black "Useche Contreras, Maigel"]
[Result "1-0"]
[WhiteElo "2162"]
[BlackElo "1985"]
[PlyCount "78"]
[EventDate "2019.11.30"]
[EventType "team-swiss"]
[EventRounds "9"]
[EventCountry "COL"]
[SourceTitle "CBM 195 Extra"]
[Source "ChessBase"]
[SourceDate "2020.05.31"]
[SourceVersion "1"]
[SourceVersionDate "2020.05.31"]
[SourceQuality "1"]
[WhiteTeam "Santander"]
[BlackTeam "Meta"]
[WhiteTeamCountry "COL"]
[BlackTeamCountry "COL"]

1. e4 c5 2. Nf3 d6 3. Bb5+ Bd7 4. Bxd7+ Nxd7 5. c4 g6 6. Nc3 Bg7 7. d4 cxd4 8. Nxd4 a6 9. Be3 Ngf6 10. Rc1 Rc8 11. b3 Qa5 12. 0-0 Nc5 13. f3 0-0 14. Qd2 Rfd8 15. Bh6 Qb6 16. Bxg7 Kxg7 17. Kh1 e6 18. Rfe1 e5 19. Nc2 Ne6 20. Ne3 Nd4 21. Ned5 Nxd5 22. Nxd5 Qc6 23. Qg5 Qe8 24. Qf6+ Kg8 25. Ne7+ Kf8 26. Nxc8 Rxc8 27. Qxd6+ Kg8 28. f4 Nc6 29. fxe5 Nxe5 30. Rcd1 Nc6 31. Qf6 Rd8 32. Rxd8 Nxd8 33. Rd1 Ne6 34. e5 Qc6 35. h3 h5 36. Qe7 Qe4 37. Rf1 Nf4 38. Qd8+ Kh7 39. Qg5 Nxh3 1-0

[Event "COL-chT rapid"]
[Site "Cartagena"]
[Date "2019.11.29"]
[Round "5.4"]
[White "Martinez, Jorge Alexander"]
[Black "Torres, Richard"]
[Result "1-0"]
[WhiteElo "2138"]
[BlackElo "1684"]
[PlyCount "79"]
[EventDate "2019.11.29"]
[EventType "team-swiss"]
[EventRounds "7"]
[EventCountry "COL"]
[SourceTitle "CBM 193 Extra"]
[Source "ChessBase"]
[SourceDate "2020.01.31"]
[SourceVersion "1"]
[SourceVersionDate "2020.01.31"]
[SourceQuality "1"]
[WhiteTeam "Santander"]
[BlackTeam "Cauca"]
[WhiteTeamCountry "COL"]
[BlackTeamCountry "COL"]

1. e4 e6 2. d4 d5 3. Nd2 c5 4. exd5 Qxd5 5. Ngf3 cxd4 6. Bc4 Qd6 7. 0-0 Nf6 8. Re1 Be7 9. Nb3 Nc6 10. Nbxd4 Nxd4 11. Nxd4 a6 12. c3 0-0 13. Qf3 Rd8 14. Bf4 Qb6 15. Bb3 Nd5 16. Be5 Bf8 17. Rad1 Ne7 18. Qg3 Qa7 19. h4 b5 20. h5 h6 21. Bc7 Rd7 22. Be5 Bb7 23. Qg4 Bd5 24. Bc2 Nc6 25. Bf6 Nxd4 26. Bxd4 Qb7 27. Re3 f5 28. Qg6 Rdd8 29. Rg3 Qf7 30. Qxh6 Re8 31. Be5 Ra7 32. Rd4 Rd8 33. Rdg4 Rdd7 34. Rg6 Qe7 35. Qf4 Kh7 36. h6 gxh6 37. Bxf5 exf5 38. Qxf5 Be6 39. Rg7+ Kh8 40. Qh7# 1-0

[Event "COL-chT"]
[Site "Cartagena"]
[Date "2019.11.27"]
[Round "6.3"]
[White "Pereira Vera, Henry Alberto"]
[Black "Martinez, Jorge Alexander"]
[Result "1/2-1/2"]
[WhiteElo "1828"]
[BlackElo "2181"]
[PlyCount "134"]
[EventDate "2019.11.24"]
[EventType "team-swiss"]
[EventRounds "7"]
[EventCountry "COL"]
[SourceTitle "CBM 193 Extra"]
[Source "ChessBase"]
[SourceDate "2020.01.31"]
[SourceVersion "1"]
[SourceVersionDate "2020.01.31"]
[SourceQuality "1"]
[WhiteTeam "Norte de Santander"]
[BlackTeam "Santander"]
[WhiteTeamCountry "COL"]
[BlackTeamCountry "COL"]

1. b3 c5 2. Bb2 b6 3. f4 Bb7 4. e3 a6 5. c4 d5 6. cxd5 Bxd5 7. Nc3 Bb7 8. Nf3 Nf6 9. Qc2 Nc6 10. a3 Rc8 11. Rc1 e6 12. Be2 Be7 13. 0-0 b5 14. Rfd1 0-0 15. Qb1 Qb6 16. Ng5 h6 17. Nge4 Na5 18. Nxf6+ Bxf6 19. Ba1 c4 20. bxc4 Nxc4 21. Na4 Qa5 22. Bxf6 Qxa4 23. Be7 Rfe8 24. Qb4 Qxb4 25. Bxb4 a5 26. Bxc4 axb4 27. Bxb5 Rxc1 28. Rxc1 Rd8 29. axb4 Rxd2 30. Bc6 Bxc6 31. Rxc6 Rb2 32. Rc8+ Kh7 33. Rc4 Kg6 34. h3 h5 35. Kh2 h4 36. e4 Kf6 37. Rd4 Rf2 38. f5 e5 39. Rd6+ Kg5 40. Rd7 Kf6 41. Rc7 Rb2 42. Rc4 Kg5 43. Rc7 Rxb4 44. Rxf7 Rxe4 45. Rxg7+ Kxf5 46. Rf7+ Kg5 47. Kg1 Rf4 48. Rg7+ Kf5 49. g3 hxg3 50. Rxg3 e4 51. Kg2 Ke5 52. Ra3 Rf7 53. h4 Kd4 54. Ra4+ Ke3 55. Ra3+ Kf4 56. Kf2 Kg4+ 57. Ke2 Kf4 58. Rh3 Kg4 59. Rh1 Kf4 60. Kf2 Rb7 61. Rh3 Rb2+ 62. Ke1 e3 63. h5 Ke4 64. h6 Kd3 65. Kf1 Rb1+ 66. Kg2 Rb2+ 67. Kf1 Re2 1/2-1/2

[Event "Bogota Bonita op"]
[Site "Bogota"]
[Date "2019.09.28"]
[Round "5"]
[White "Campos Gomez, Manuel"]
[Black "Martinez, Jorge Alexander"]
[Result "1/2-1/2"]
[WhiteElo "1950"]
[BlackElo "2177"]
[PlyCount "101"]
[EventDate "2019.09.26"]
[EventType "swiss"]
[EventRounds "7"]
[EventCountry "COL"]
[SourceTitle "EXT 2020"]
[Source "ChessBase"]
[SourceDate "2019.10.17"]
[SourceVersion "1"]
[SourceVersionDate "2019.10.17"]
[SourceQuality "1"]

1. e4 e6 2. Nf3 d5 3. Nc3 dxe4 4. Nxe4 Be7 5. d4 Nf6 6. Bd3 Nxe4 7. Bxe4 Nd7 8. Bf4 Nf6 9. Bd3 0-0 10. 0-0 b6 11. Qe2 Bb7 12. Ba6 Qc8 13. Bxb7 Qxb7 14. c4 Rfe8 15. Rfd1 Rac8 16. Rac1 c5 17. Be5 cxd4 18. Nxd4 Nd7 19. Bg3 a6 20. Nxe6 Bf6 21. Qd2 fxe6 22. Qxd7 Qxd7 23. Rxd7 Bxb2 24. Rc2 Red8 25. Rxd8+ Rxd8 26. Kf1 Rd1+ 27. Ke2 Rb1 28. c5 bxc5 29. Rxc5 Bd4 30. Ra5 Rb6 31. Kd3 Bf6 32. Rc5 Kf7 33. a4 Rb3+ 34. Ke2 Rb4 35. a5 Ra4 36. Bc7 Bd4 37. Rc6 Ra2+ 38. Kf3 Rxf2+ 39. Kg3 h5 40. Rxa6 Kf6 41. Bd8+ Kf5 42. Bb6 Bxb6 43. axb6 Rb2 44. Ra7 g5 45. b7 e5 46. Kf3 e4+ 47. Ke3 Rb3+ 48. Kd4 Kf4 49. g3+ Kg4 50. Kxe4 Kh3 51. Ra5 1/2-1/2

[Event "Uni De Paula Santander op 4th"]
[Site "Ocana"]
[Date "2019.08.25"]
[Round "6"]
[White "Martinez, Jorge Alexander"]
[Black "Pereira Vera, Henry Alberto"]
[Result "1-0"]
[WhiteElo "2219"]
[BlackElo "1806"]
[PlyCount "43"]
[EventDate "2019.08.23"]
[EventType "swiss"]
[EventRounds "7"]
[EventCountry "COL"]
[SourceTitle "EXT 2020"]
[Source "ChessBase"]
[SourceDate "2019.10.17"]
[SourceVersion "1"]
[SourceVersionDate "2019.10.17"]
[SourceQuality "1"]

1. e4 d5 2. exd5 Qxd5 3. d4 Nc6 4. Nf3 Bg4 5. Be2 0-0-0 6. c4 Qa5+ 7. Bd2 Qa6 8. c5 Bxf3 9. gxf3 b5 10. Bc3 Nxd4 11. Bxd4 e5 12. Nc3 exd4 13. Nxb5 Bxc5 14. 0-0 Qg6+ 15. Kh1 d3 16. Rc1 dxe2 17. Qxe2 Qb6 18. a4 Bd6 19. Rc6 Qa5 20. Rfc1 Kd7 21. b4 Qxb4 22. Rxc7+ 1-0

[Event "Uni De Paula Santander op 4th"]
[Site "Ocana"]
[Date "2019.08.24"]
[Round "3"]
[White "Silva Torres, Jorge J"]
[Black "Martinez, Jorge Alexander"]
[Result "1-0"]
[WhiteElo "1938"]
[BlackElo "2219"]
[PlyCount "87"]
[EventDate "2019.08.23"]
[EventType "swiss"]
[EventRounds "7"]
[EventCountry "COL"]
[SourceTitle "EXT 2020"]
[Source "ChessBase"]
[SourceDate "2019.10.17"]
[SourceVersion "1"]
[SourceVersionDate "2019.10.17"]
[SourceQuality "1"]

1. d4 Nf6 2. c4 c5 3. Nf3 cxd4 4. Nxd4 a6 5. Nc3 e6 6. e4 Qc7 7. Be3 Be7 8. f4 d6 9. Bd3 h5 10. h3 Nbd7 11. Qa4 Kf8 12. b4 b6 13. Nc6 Bb7 14. Nxe7 Kxe7 15. Rc1 Rac8 16. 0-0 g6 17. Qd1 Qb8 18. Qe2 h4 19. Qf2 Qa8 20. e5 Ne8 21. Bd4 Rh5 22. Rce1 d5 23. cxd5 Bxd5 24. Nxd5+ Qxd5 25. Rd1 Qb7 26. Qe2 b5 27. Be4 Qc7 28. Qd2 Kf8 29. Rc1 Qb8 30. Rxc8 Qxc8 31. Rc1 Qb8 32. Rc6 g5 33. Bf3 Rh8 34. Qc3 Qd8 35. Rc8 Qe7 36. f5 exf5 37. e6 Qxe6 38. Bxh8 f6 39. Bh5 Qb6+ 40. Kf1 Kg8 41. Rxe8+ Kh7 42. Qd3 Ne5 43. Qxf5+ Kh6 44. Bxf6 1-0

[Event "COL-chT Interligas"]
[Site "Palmira"]
[Date "2019.04.29"]
[Round "5.2"]
[White "Guayara Diaz, William Alonso"]
[Black "Martinez, Jorge Alexander"]
[Result "0-1"]
[WhiteElo "1934"]
[BlackElo "2240"]
[PlyCount "78"]
[EventDate "2019.04.27"]
[EventType "team-swiss"]
[EventRounds "6"]
[EventCountry "COL"]
[SourceTitle "CBM 190 Extra"]
[Source "ChessBase"]
[SourceDate "2019.07.15"]
[SourceVersion "1"]
[SourceVersionDate "2019.07.15"]
[SourceQuality "1"]
[WhiteTeam "Narino"]
[BlackTeam "Santander"]
[WhiteTeamCountry "COL"]
[BlackTeamCountry "COL"]

1. d4 Nf6 2. Bf4 c5 3. c3 e6 4. e3 b6 5. Nf3 Bb7 6. Nbd2 Be7 7. h3 Ne4 8. Bd3 f5 9. Qe2 a6 10. 0-0 0-0 11. Rfd1 d6 12. a4 Nd7 13. Bc4 d5 14. Bd3 g5 15. Bh2 Bf6 16. Nf1 Qe7 17. Ne5 c4 18. Bc2 Bxe5 19. dxe5 Qg7 20. f3 Nec5 21. f4 Kh8 22. Rd4 Rg8 23. Qh5 gxf4 24. Qe2 f3 25. Qxf3 Nxe5 26. Bxe5 Qxe5 27. Rad1 Rg7 28. g3 Rag8 29. Kh2 Qf6 30. Qf2 e5 31. R4d2 Rg5 32. e4 dxe4 33. Rd6 Qg7 34. Rxb6 Nd3 35. Qg2 f4 36. b3 fxg3+ 37. Kg1 Rf5 38. Bxd3 cxd3 39. Rd2 Rf2 0-1

[Event "COL-chT Interligas"]
[Site "Palmira"]
[Date "2019.04.28"]
[Round "4.2"]
[White "Martinez, Jorge Alexander"]
[Black "Castillo Barajas, Jonhatan"]
[Result "1/2-1/2"]
[WhiteElo "2240"]
[BlackElo "1810"]
[PlyCount "84"]
[EventDate "2019.04.27"]
[EventType "team-swiss"]
[EventRounds "6"]
[EventCountry "COL"]
[SourceTitle "CBM 190 Extra"]
[Source "ChessBase"]
[SourceDate "2019.07.15"]
[SourceVersion "1"]
[SourceVersionDate "2019.07.15"]
[SourceQuality "1"]
[WhiteTeam "Santander"]
[BlackTeam "Boyaca"]
[WhiteTeamCountry "COL"]
[BlackTeamCountry "COL"]

1. c4 c5 2. g3 g6 3. Bg2 Bg7 4. Nc3 d6 5. Nf3 Nc6 6. 0-0 Nf6 7. d4 Bf5 8. a3 0-0 9. Re1 e5 10. dxe5 dxe5 11. Be3 Qe7 12. Nd5 Nxd5 13. cxd5 Nd4 14. Rc1 Rad8 15. h3 e4 16. Bxd4 Rxd5 17. Bxc5 Rxc5 18. Rxc5 Qxc5 19. Nh4 Bxb2 20. Nxf5 Qxf5 21. Qb3 Bd4 22. e3 Bb6 23. Rd1 Rc8 24. a4 Qe5 25. Qb4 Re8 26. Rd7 Qc5 27. Qb3 Re7 28. Rd5 Qc7 29. Qb4 a5 30. Qb1 Bc5 31. Bxe4 b6 32. Qd3 Re6 33. Rd7 Qe5 34. Bd5 Re7 35. Rd8+ Kg7 36. Kg2 Re8 37. Rd7 Re7 38. Rxe7 Qxe7 39. e4 Qf6 40. Qd2 Qd4 41. Qf4 Qf6 42. Qd2 Qd4 1/2-1/2

[Event "Tunja Boyacense op"]
[Site "Tunja"]
[Date "2018.12.13"]
[Round "1"]
[White "Martinez, Jorge Alexander"]
[Black "Cala Bayona, Jose Claudio"]
[Result "1-0"]
[WhiteElo "2227"]
[BlackElo "1655"]
[PlyCount "25"]
[EventDate "2018.12.13"]
[EventType "swiss"]
[EventRounds "7"]
[EventCountry "COL"]
[SourceTitle "CBM 187 Extra"]
[Source "ChessBase"]
[SourceDate "2018.11.04"]
[SourceVersion "1"]
[SourceVersionDate "2018.11.04"]
[SourceQuality "1"]

1. e4 c6 2. d4 d5 3. e5 Bf5 4. Nc3 e6 5. g4 Bg6 6. Nge2 h6 7. Nf4 Bh7 8. Be3 Nd7 9. Bd3 Bxd3 10. Qxd3 Qc7 11. 0-0 g6 12. Nxe6 fxe6 13. Qxg6+ 1-0

[Event "COL-ch"]
[Site "Bogota"]
[Date "2018.11.11"]
[Round "8"]
[White "Martinez, Jorge Alexander"]
[Black "Dominguez Rincon, Miller Duvan"]
[Result "1-0"]
[WhiteElo "2245"]
[BlackElo "2051"]
[PlyCount "73"]
[EventDate "2018.11.06"]
[EventType "swiss"]
[EventRounds "9"]
[EventCountry "COL"]
[SourceTitle "CBM 187 Extra"]
[Source "ChessBase"]
[SourceDate "2018.11.04"]
[SourceVersion "1"]
[SourceVersionDate "2018.11.04"]
[SourceQuality "1"]

1. e4 e5 2. Nf3 Nc6 3. Bb5 a6 4. Ba4 Nf6 5. Qe2 b5 6. Bb3 Be7 7. 0-0 0-0 8. a4 Rb8 9. axb5 axb5 10. Nc3 d6 11. Nxb5 Bg4 12. c3 Bxf3 13. gxf3 Nh5 14. d4 Bg5 15. Kh1 Bxc1 16. Raxc1 Nf4 17. Qc2 Rxb5 18. Ba4 Rb6 19. d5 Ne7 20. b4 f5 21. Rg1 fxe4 22. fxe4 Neg6 23. Rg3 Qh4 24. Bd7 Ra6 25. b5 Ra3 26. c4 Rfa8 27. Rxa3 Rxa3 28. Rg1 Rf3 29. Rg3 Rxg3 30. fxg3 Qe7 31. Bg4 Qg5 32. Bf5 Nh5 33. c5 Qd8 34. b6 dxc5 35. b7 Qb8 36. Qa4 Nf6 37. Qa8 1-0

[Event "COL-ch"]
[Site "Bogota"]
[Date "2018.11.07"]
[Round "3"]
[White "Martinez, Jorge Alexander"]
[Black "Acuna, Nelson David"]
[Result "1/2-1/2"]
[WhiteElo "2245"]
[BlackElo "1852"]
[PlyCount "143"]
[EventDate "2018.11.06"]
[EventType "swiss"]
[EventRounds "9"]
[EventCountry "COL"]
[SourceTitle "CBM 187 Extra"]
[Source "ChessBase"]
[SourceDate "2018.11.04"]
[SourceVersion "1"]
[SourceVersionDate "2018.11.04"]
[SourceQuality "1"]

1. e4 c5 2. Nf3 Nc6 3. d4 cxd4 4. Nxd4 g6 5. Bc4 Bg7 6. Be3 Nf6 7. f3 0-0 8. Nc3 d5 9. exd5 Nb4 10. Nde2 Qc7 11. Bb3 Rd8 12. Qd2 e6 13. d6 Qd7 14. 0-0-0 a6 15. Bb6 Rf8 16. Ba4 Nc6 17. g4 Qe8 18. Rhe1 Nd7 19. Bc7 b5 20. Bb3 Bb7 21. Nf4 Nd4 22. h4 Nc5 23. Bd5 Qd7 24. Bxb7 Nxb7 25. Qe3 Nxd6 26. Bxd6 Qxd6 27. Ne4 Qe5 28. c3 Nc6 29. g5 Na5 30. Nd3 Nc4 31. Qe2 Qc7 32. Kb1 Rad8 33. Ndf2 b4 34. cxb4 Bxb2 35. Nc5 Bd4 36. Nfe4 Na3+ 37. Kc1 Qf4+ 38. Rd2 Bxc5 39. bxc5 Rb8 40. Nc3 Nc4 41. Red1 Nxd2 42. Rxd2 Rfd8 43. Ne4 Rd5 44. Nf6+ Kg7 45. Nxd5 exd5 46. Qd3 Qxh4 47. Qxd5 Kg8 48. c6 Qe1+ 49. Kc2 Qb1+ 50. Kc3 Qc1+ 51. Kd3 Rc8 52. Rc2 Qd1+ 53. Rd2 Qc1 54. Ke4 Qxc6 55. Qxc6 Rxc6 56. Kd5 Rb6 57. a4 Rb4 58. Rd4 Rxd4+ 59. Kxd4 f6 60. f4 fxg5 61. fxg5 h5 62. gxh6 Kh7 63. a5 g5 64. Ke4 Kxh6 65. Kf3 Kg6 66. Kg3 Kf5 67. Kf3 Ke5 68. Kg4 Kd4 69. Kxg5 Kc4 70. Kf4 Kb5 71. Ke3 Kxa5 72. Kd2 1/2-1/2

[Event "Bogota Mayores Alcaldia op 8th"]
[Site "Bogota"]
[Date "2018.06.11"]
[Round "7"]
[White "Barrios, Hernando"]
[Black "Martinez, Jorge Alexander"]
[Result "0-1"]
[WhiteElo "2108"]
[BlackElo "2265"]
[PlyCount "96"]
[EventDate "2018.06.08"]
[EventType "swiss"]
[EventRounds "7"]
[EventCountry "COL"]
[SourceTitle "CBM 184 Extra"]
[Source "ChessBase"]
[SourceDate "2018.06.28"]
[SourceVersion "1"]
[SourceVersionDate "2018.06.28"]
[SourceQuality "1"]

1. d4 Nf6 2. c4 c5 3. d5 b5 4. cxb5 a6 5. b6 d6 6. Nc3 g6 7. e4 Bg7 8. f4 Nfd7 9. Nf3 Qxb6 10. Bc4 Qc7 11. 0-0 0-0 12. a4 Nb6 13. Qd3 Nxc4 14. Qxc4 Nd7 15. Bd2 Rb8 16. Ra2 a5 17. Nb5 Qb6 18. Ra3 Ba6 19. Rb3 Rb7 20. Bc3 Rfb8 21. Nd2 Qd8 22. Bxg7 Kxg7 23. Re1 f6 24. e5 Nb6 25. exf6+ exf6 26. Qe4 Nxa4 27. Qxa4 Bxb5 28. Qe4 Qf8 29. f5 a4 30. Rbe3 Re8 31. Qg4 Rxe3 32. Rxe3 Bd7 33. Qh4 Rb4 34. Qe1 Kf7 35. fxg6+ hxg6 36. Ne4 Rd4 37. Nc3 g5 38. h3 f5 39. Qe2 Kf6 40. g3 Qf7 41. Qa6 Qf8 42. Qb7 f4 43. Ne4+ Kg6 44. Re1 Bf5 45. Nc3 fxg3 46. Rf1 Qe8 47. Rf3 Qe1+ 48. Rf1 Qe3+ 0-1

[Event "COL-ch sf 2nd"]
[Site "Tunja"]
[Date "2018.04.19"]
[Round "4"]
[White "Borbon, Oscar"]
[Black "Martinez, Jorge Alexander"]
[Result "0-1"]
[WhiteElo "2016"]
[BlackElo "2255"]
[PlyCount "74"]
[EventDate "2018.04.17"]
[EventType "swiss"]
[EventRounds "10"]
[EventCountry "COL"]
[SourceTitle "CBM 184 Extra"]
[Source "ChessBase"]
[SourceDate "2018.06.28"]
[SourceVersion "1"]
[SourceVersionDate "2018.06.28"]
[SourceQuality "1"]

1. d4 Nf6 2. c4 c5 3. d5 b5 4. cxb5 a6 5. bxa6 Bxa6 6. Nc3 d6 7. g3 g6 8. Bg2 Bg7 9. Nf3 Nbd7 10. h3 0-0 11. 0-0 Qc7 12. Qc2 Rfb8 13. Rd1 Nb6 14. e4 h6 15. Nd2 Nfd7 16. f4 c4 17. Nf3 Nc5 18. e5 Nd3 19. e6 f5 20. Nh4 Kh7 21. Kh2 Bf6 22. a4 Qc5 23. Qe2 Bxc3 24. bxc3 Nxd5 25. Nxf5 Nxc3 26. Qd2 Qxf5 27. Qxc3 Qxe6 28. Bxa8 Rxa8 29. Rd2 Rf8 30. Bb2 Nxb2 31. Rxb2 Bc8 32. g4 Rxf4 33. Re1 Qd7 34. Rbe2 e5 35. Re4 Qf7 36. Qe3 Rf3 37. Qc1 Rf2+ 0-1

[Event "San Cristobal FISS op 28th"]
[Site "San Cristobal"]
[Date "2018.02.03"]
[Round "6"]
[White "Valderrama Quiceno, Esteban Alberto"]
[Black "Martinez, Jorge Alexander"]
[Result "1-0"]
[WhiteElo "2429"]
[BlackElo "2280"]
[PlyCount "43"]
[EventDate "2018.01.31"]
[EventType "tourn"]
[EventRounds "9"]
[EventCountry "VEN"]
[SourceTitle "CBM 182 Extra"]
[Source "ChessBase"]
[SourceDate "2018.02.23"]
[SourceVersion "1"]
[SourceVersionDate "2018.02.23"]
[SourceQuality "1"]

1. c4 c5 2. Nf3 b6 3. g3 Bb7 4. Bg2 Nf6 5. 0-0 Qc7 6. Nc3 a6 7. d4 cxd4 8. Qxd4 d6 9. Nd5 Bxd5 10. cxd5 g6 11. Be3 Nbd7 12. Rac1 Qb8 13. Bh3 Bg7 14. Bxd7+ Kxd7 15. Rc6 Ra7 16. Rxb6 Qa8 17. Qa4+ Kd8 18. Nd4 Nxd5 19. Nc6+ Kc7 20. Nxa7 Nxe3 21. Rc6+ Kd8 22. Rfc1 1-0